Music Quiz

Random Music or Art Quiz

Music Artist By Painting II Quiz Stats

 Plays Quiz Updated Jul 13, 2017

Support Sporcle.
Go Orange.
Score 0/20 Timer 07:00
4 Plays Today
% Correct
Lady Gaga
95.9%
Taylor Swift
93%
Adele
90.2%
Rihanna
90.1%
Katy Perry
87.8%
Prince
86.9%
Steven Tyler
82.7%
Jimi Hendrix
80.2%
Amy Winehouse
80%
Beyoncé
78.8%
% Correct
Sting
76.3%
Avril Lavigne
74.5%
AC/DC
68.9%
Ed Sheeran
63.8%
Cyndi Lauper
62.7%
Debbie Harry
62.3%
Fleetwood Mac
58.9%
Red Hot Chili Peppers
55.4%
Led Zeppelin
52.8%
Salt-N-Pepa
45.4%

You're not logged in!

Compare scores with friends on all Sporcle quizzes.
OR
Log In
Forgot?

From the Vault

Baby Beasts II

by sufradley

You may be overwhelmed by the cuteness that lies within this quiz.
Remove Ads.
Support Sporcle.
Get the best of Sporcle when you Go Orange. This ad-free experience offers more features, more stats, and more fun while also helping to support Sporcle. Thank you for becoming a member.

Show Comments

Extras

Top Quizzes Today


Score Distribution

Your Account Isn't Verified!

In order to create a playlist on Sporcle, you need to verify the email address you used during registration. Go to your Sporcle Settings to finish the process.

Report this User

Report this user for behavior that violates our Community Guidelines.

Details: